Manual de vela: una guía completa para principiantes
Guardat en:
| Format: | Llibre |
|---|---|
| Idioma: | espanyol |
| Publicat: |
Badalona
Paidotribo
2008
|
| Edició: | 1a. ed |
| Col·lecció: | Colección Vela y Náutica
|
| Matèries: | |
| Etiquetes: |
Afegir etiqueta
Sense etiquetes, Sigues el primer a etiquetar aquest registre!
|
MARC
| LEADER | 00000nam a2200000 a 4500 | ||
|---|---|---|---|
| 001 | UCG3260 | ||
| 003 | CL-VaPUC | ||
| 008 | 100819e20080000sp |||||||||||||||||spa|d | ||
| 020 | |a 9788480199865 | ||
| 082 | 0 | 4 | |a 623.89 |b MAN |2 21 |
| 245 | 1 | 0 | |a Manual de vela: una guía completa para principiantes |
| 250 | |a 1a. ed | ||
| 300 | |a 224 p | ||
| 942 | |c BK | ||
| 945 | |d 20100819 00:00:00 |a mfarfan | ||
| 260 | |a Badalona |b Paidotribo |c 2008 | ||
| 650 | 0 | |a Botes a vela |9 552212 | |
| 650 | 7 | |a DEPORTE |2 CL-VaPUC |9 552243 | |
| 650 | 0 | |a Navegación |9 255384 | |
| 583 | |a last modification |c 20171130 06:41:55 |k Rodrigo Vera | ||
| 490 | 0 | |a Colección Vela y Náutica | |
| 999 | |c 342331 |d 342329 | ||
| 952 | |0 0 |1 0 |4 0 |6 623_890000000000000_MAN_2008 |7 0 |8 C |9 438490 |a BIBCUR |b BIBCUR |d 2019-11-22 |i 4708024 |o 623.89 MAN 2008 |p 4708024 |r 2025-04-22 |w 2019-11-22 |y BK |k DEN | ||